| 000 | 00495nam a2200181Ia 4500 | ||
|---|---|---|---|
| 003 | GCL | ||
| 008 | 140319s9999 xx 000 0 eng d | ||
| 040 |
_aGCL / _cGCL |
||
| 082 | 0 | 4 |
_aCH _b745.723 _bB T |
| 100 | 1 | _aBOASA, PETRA | |
| 245 | 1 | 0 |
_aI CAN PAINT: PAINTING ACTIVITY PROJECTS: FOR THE VERY YOUNG / _cBOASA, PETRA |
| 260 |
_a[S.N] : _bLORENZ BOOKS ، _c1995 |
||
| 300 | _a41 P | ||
| 650 | 0 | 4 | _aHANDCRAFT |
| 650 | 0 | 4 | _aCHILDREN - ARTS |
| 650 | 0 | 4 | _aPAINTING - PROJECTS |
| 942 |
_2ddc _cBK |
||
| 999 |
_c14692 _d14692 |
||